000 00738nam a2200181Ia 4500
008 100920s9999 xx 000 0 und d
082 _b97767
_a51 थ 48
100 _aदेवगिरीकर त्र्यंबक रघुनाथ.
245 _aवासुकाका जोशी व त्यांचा काल.
260 _bचित्रशाळा प्रकाशन.पुणे2.
_c1948
300 _a622
_bसाधी
365 _b10
520 _aचरित्र.
630 _aवासुकाका जोशी व त्यांचा काल.
650 _aचरित्र.
730 _aवासुकाका जोशी व त्यांचा काल.
942 _cBOOK
999 _c738205
_d738202